El evangelio de lo social : XXXIV Semana de Estudios de Teología Pastoral /

Bibliographic Details
Corporate Author: Semana de Estudios de Teología Pastoral Madrid (Author)
Other Authors: Díaz de Mendívil Pérez, José María (Editor)
Format: Electronic Conference Proceeding eBook
Language:Spanish
Published: Estella (Navarra), España : Madrid : Editorial Verbo Divino ; Universidad Pontificia de Salamanca, 2024.
Subjects:
Online Access:Digitalia Hispánica

MARC

LEADER 00000nam a2200000Ii 4500
001 DIGVEDIV0604
003 NyNyDIG
006 m o d
007 cr |||||||||||
008 250304s2024 sp a ob 100 0 spa d
035 |a (OCoLC)1507375324 
040 |a DGITA  |b eng  |e rda  |e pn  |c DGITA 
020 |a 9788410630666  |q eBook 
020 |z 9788410630659  |q impreso 
050 1 4 |a BR41 ebook 
111 2 |a Semana de Estudios de Teología Pastoral  |n (34th :  |d 2024 :  |c Madrid),  |e author. 
245 1 3 |a El evangelio de lo social :  |b XXXIV Semana de Estudios de Teología Pastoral /  |c edición digital, José Ma. Díaz de Mendívil Pérez. 
264 1 |a Estella (Navarra), España :  |b Editorial Verbo Divino ;  |a Madrid :  |b Universidad Pontificia de Salamanca,  |c 2024. 
300 |a 1 online resource :  |b illustrations. 
336 |a text  |b txt  |2 rdacontent 
337 |a computer  |b c  |2 rdamedia 
338 |a online resource  |b cr  |2 rdacarrier 
347 |a text file  |2 rdaft 
347 |b EPUB 
504 |a Includes bibliographical references. 
588 0 |a Online resource; title from ePub title page (Digitalia, viewed March 4, 2025) 
650 0 |a Christianity  |v Congresses. 
650 0 |a Religion  |v Congresses. 
700 1 |a Díaz de Mendívil Pérez, José María,  |e editor. 
776 0 8 |i Print version:  |a Semana de Estudios de Teología Pastoral (34th : 2024 : Madrid).  |t Evangelio de lo social.  |d Estella (Navarra), España : Editorial Verbo Divino ; Madrid : Universidad Pontificia de Salamanca, 2024  |z 9788410630659 
791 2 |a Digitalia (Firm),  |e distributor. 
793 0 |g Digitalia eBook Collection:  |a Editorial Verbo Divino 
856 4 0 |3 Digitalia Hispánica  |u https://www.digitaliapublishing.com/a/169741/ 
910 |a Premium collection: 2025